[Event "POL-chT Academic"]
[Site "Chorzow"]
[Date "2022.04.02"]
[Round "4.6"]
[White "Kubicka, Anna"]
[Black "Karykowska, Anna"]
[Result "1-0"]
[WhiteElo "1984"]
[BlackElo "1812"]
[PlyCount "73"]
[EventDate "2022.04.02"]
[EventType "team-swiss (rapid)"]
[EventRounds "9"]
[EventCountry "POL"]
[SourceTitle "EXT 2024"]
[Source "ChessBase"]
[SourceDate "2023.10.10"]
[SourceVersion "1"]
[SourceVersionDate "2023.10.10"]
[SourceQuality "1"]

1. e4 c5 2. Nf3 a6 3. c4 Nc6 4. Be2 Nd4 5. 0-0 e6 6. d3 Ne7 7. Nxd4 cxd4 8. f4 Nc6 9. Nd2 Be7 10. Nf3 d6 11. Qe1 0-0 12. Kh1 f5 13. exf5 Rxf5 14. Nd2 d5 15. Bg4 Rf6 16. cxd5 exd5 17. Bxc8 Rxc8 18. Nf3 Bd6 19. Bd2 Qd7 20. Nh4 Re8 21. Qg3 Re2 22. Rad1 Ne7 23. Qf3 Qe6 24. f5 Nxf5 25. Nxf5 Re5 26. g4 Re2 27. Rf2 Rxf2 28. Qxf2 g6 29. Nh6+ Kg7 30. Qg2 Bf4 31. Re1 Qd6 32. g5 Rf8 33. Bxf4 Qxf4 34. Re7+ Kh8 35. Re1 Qd6 36. Qe2 Qb4 37. Qe5+ 1-0

[Event "POL-chT Ekstraliga"]
[Site "Legnica"]
[Date "2021.10.02"]
[Round "1.1"]
[White "Karykowska, Anna"]
[Black "Socko, Monika"]
[Result "0-1"]
[WhiteElo "1992"]
[BlackElo "2397"]
[PlyCount "100"]
[EventDate "2021.10.02"]
[EventType "team-tourn"]
[EventRounds "9"]
[EventCountry "POL"]
[SourceTitle "CBM 204 Extra"]
[Source "ChessBase"]
[SourceDate "2021.11.30"]
[SourceVersion "1"]
[SourceVersionDate "2021.11.30"]
[SourceQuality "1"]
[WhiteTeam "Legnica Miedz"]
[BlackTeam "Katowice Wasko"]
[WhiteTeamCountry "POL"]
[BlackTeamCountry "POL"]

1. e4 e6 2. d4 d5 3. Bd3 dxe4 4. Bxe4 Nf6 5. Bf3 c5 6. Ne2 Nc6 7. Be3 cxd4 8. Nxd4 Ne5 9. Nc3 a6 10. 0-0 Be7 11. Qe2 Nxf3+ 12. Qxf3 0-0 13. Rad1 Qc7 14. Rfe1 Bd7 15. Rd3 Rad8 16. Bf4 Qb6 17. Bg5 Bc8 18. Red1 h6 19. Bh4 e5 20. Bxf6 Qxf6 21. Qxf6 Bxf6 22. Nf3 Rxd3 23. Rxd3 Bf5 24. Rd5 Rc8 25. h3 Re8 26. Rc5 Bxc2 27. Rc7 Rb8 28. Nd5 Be4 29. Nxf6+ gxf6 30. Nd2 Bd5 31. a3 Rd8 32. Nc4 Bxc4 33. Rxc4 Rd1+ 34. Kh2 Rd2 35. Rb4 Rxf2 36. Kg3 Rd2 37. Rxb7 Kg7 38. Rb6 f5 39. Rxa6 Rxb2 40. a4 Rb3+ 41. Kf2 f4 42. Ra8 Kg6 43. a5 Ra3 44. a6 Kf5 45. a7 Ke4 46. h4 Ra2+ 47. Kg1 f3 48. gxf3+ Kxf3 49. Re8 Rxa7 50. Rxe5 Kg3 0-1

[Event "POL-chT 2nd League"]
[Site "Sypniewo"]
[Date "2021.09.12"]
[Round "9.15"]
[White "Leszner, Liliana"]
[Black "Karykowska, Anna"]
[Result "0-1"]
[WhiteElo "1889"]
[BlackElo "1982"]
[PlyCount "96"]
[EventDate "2021.09.04"]
[EventType "team-swiss"]
[EventRounds "9"]
[EventCountry "POL"]
[SourceTitle "CBM 204 Extra"]
[Source "ChessBase"]
[SourceDate "2021.11.30"]
[SourceVersion "1"]
[SourceVersionDate "2021.11.30"]
[SourceQuality "1"]
[WhiteTeam "Wolsztyn UKS Szach"]
[BlackTeam "Legnica Miedz II"]
[WhiteTeamCountry "POL"]
[BlackTeamCountry "POL"]

1. e4 c5 2. Nc3 a6 3. g3 b5 4. Bg2 Bb7 5. d4 cxd4 6. Qxd4 e6 7. Nf3 b4 8. Na4 Nc6 9. Qe3 Nf6 10. h3 Qa5 11. b3 Be7 12. 0-0 d6 13. Bb2 0-0 14. Nd2 d5 15. c4 bxc3 16. Bxc3 Qd8 17. Qb6 d4 18. Bb2 Qc8 19. Nc5 Ra7 20. Nxb7 Nd7 21. Qxa7 Nxa7 22. Na5 e5 23. Rac1 Qb8 24. Rfd1 Bb4 25. Nac4 Nb5 26. Nf3 Bc3 27. Bf1 Bxb2 28. Nxb2 Nc3 29. Re1 Nxa2 30. Rc6 Qxb3 31. Nd3 Nb4 32. Nxb4 Qxf3 33. Rxa6 Nc5 34. Rb6 Nxe4 35. Nd3 Nxg3 36. fxg3 e4 37. Bg2 Qxg3 38. Nf2 f5 39. Reb1 e3 40. Nh1 Qe5 41. R6b5 Qe8 42. Ng3 f4 43. Bd5+ Kh8 44. Ne4 f3 45. Ng5 f2+ 46. Kg2 f1Q+ 47. Rxf1 Rxf1 48. Ra5 e2 0-1

[Event "POL-ch U20 Girls"]
[Site "Pokrzywna"]
[Date "2020.12.06"]
[Round "9"]
[White "Malicka, Maria"]
[Black "Karykowska, Anna"]
[Result "1-0"]
[WhiteElo "2291"]
[BlackElo "1979"]
[PlyCount "73"]
[EventDate "2020.11.30"]
[EventType "swiss"]
[EventRounds "9"]
[EventCountry "POL"]
[SourceTitle "CBM 199 Extra"]
[Source "ChessBase"]
[SourceDate "2021.01.31"]
[SourceVersion "1"]
[SourceVersionDate "2021.01.31"]
[SourceQuality "1"]

1. e4 c5 2. Nf3 e6 3. d4 cxd4 4. Nxd4 Nc6 5. Nc3 Nf6 6. Ndb5 Bb4 7. a3 Bxc3+ 8. Nxc3 d5 9. exd5 exd5 10. Bd3 0-0 11. 0-0 d4 12. Ne2 Bg4 13. Bg5 Re8 14. Re1 Qd6 15. Qd2 Bxe2 16. Bf4 Qd5 17. Rxe2 Rxe2 18. Qxe2 Re8 19. Qd2 Ne5 20. Re1 Nxd3 21. Rxe8+ Nxe8 22. cxd3 h6 23. h3 Nf6 24. Qc2 Qb5 25. Kh2 Nd7 26. b4 Qf5 27. Qc8+ Kh7 28. Bg3 Qd5 29. Qe8 Nf6 30. Qe5 Qd7 31. Qc5 b6 32. Qc4 Nh5 33. Be5 Qf5 34. Qxd4 f6 35. Bb8 Qg5 36. g4 Qb5 37. gxh5 1-0

[Event "POL-ch U20 Girls"]
[Site "Pokrzywna"]
[Date "2020.12.02"]
[Round "4"]
[White "Mirowska, Oliwia"]
[Black "Karykowska, Anna"]
[Result "0-1"]
[WhiteElo "1820"]
[BlackElo "1979"]
[PlyCount "32"]
[EventDate "2020.11.30"]
[EventType "swiss"]
[EventRounds "9"]
[EventCountry "POL"]
[SourceTitle "CBM 199 Extra"]
[Source "ChessBase"]
[SourceDate "2021.01.31"]
[SourceVersion "1"]
[SourceVersionDate "2021.01.31"]
[SourceQuality "1"]

1. e4 c5 2. Nf3 e6 3. d4 cxd4 4. Nxd4 Nc6 5. Be3 Nf6 6. Nc3 Bb4 7. Qf3 Qa5 8. Kd2 Qe5 9. Nxc6 Bxc3+ 10. bxc3 Nxe4+ 11. Kd3 Qxc3+ 12. Kxe4 bxc6 13. Bd3 e5 14. Kf5 d5+ 15. Kg5 Qb4 16. g4 h5 0-1

[Event "POL-ch U20 Girls"]
[Site "Pokrzywna"]
[Date "2020.11.30"]
[Round "1"]
[White "Karykowska, Anna"]
[Black "Budkiewicz, Magdalena"]
[Result "0-1"]
[WhiteElo "1979"]
[BlackElo "1672"]
[PlyCount "90"]
[EventDate "2020.11.30"]
[EventType "swiss"]
[EventRounds "9"]
[EventCountry "POL"]
[SourceTitle "CBM 199 Extra"]
[Source "ChessBase"]
[SourceDate "2021.01.31"]
[SourceVersion "1"]
[SourceVersionDate "2021.01.31"]
[SourceQuality "1"]

1. e4 c5 2. Nf3 d6 3. d4 cxd4 4. Nxd4 Nf6 5. Nc3 a6 6. g3 g6 7. Bg2 Bg7 8. 0-0 0-0 9. h3 Bd7 10. Be3 Nc6 11. Nde2 b5 12. f4 Rb8 13. a3 Re8 14. Qd3 Qc7 15. Rad1 b4 16. axb4 Nxb4 17. Qd2 Red8 18. g4 Bc6 19. Nd4 e5 20. Nxc6 Nxc6 21. b3 Nb4 22. g5 Ne8 23. f5 Rd7 24. f6 Bf8 25. Rf2 d5 26. Nxd5 Nxd5 27. exd5 Nd6 28. Qd3 Rb4 29. Bd2 Rd4 30. Qxa6 Qxc2 31. Rc1 Qxb3 32. Qe2 e4 33. Bf4 Qxd5 34. Re1 Rd8 35. Bxd6 Bxd6 36. Bxe4 Qxg5+ 37. Bg2 h5 38. Rf3 Rd2 39. Qf1 Bc5+ 40. Kh1 Rb8 41. Re2 Rbb2 42. Rxd2 Rxd2 43. Rc3 Rf2 44. Qg1 Rc2 45. Rxc5 Qxc5 0-1

[Event "POL-chT Academic"]
[Site "Katowice"]
[Date "2020.11.15"]
[Round "6.6"]
[White "Kubicka, Anna"]
[Black "Karykowska, Anna"]
[Result "1-0"]
[WhiteElo "2256"]
[BlackElo "1979"]
[PlyCount "135"]
[EventDate "2020.11.14"]
[EventType "team-swiss (rapid)"]
[EventRounds "9"]
[EventCountry "POL"]
[SourceTitle "CBM 199 Extra"]
[Source "ChessBase"]
[SourceDate "2021.01.31"]
[SourceVersion "1"]
[SourceVersionDate "2021.01.31"]
[SourceQuality "1"]
[WhiteTeam "Warszawa Kozminskiego Akad"]
[BlackTeam "Wroclaw University"]
[WhiteTeamCountry "POL"]
[BlackTeamCountry "POL"]

1. d4 Nf6 2. c4 e6 3. Nf3 Bb4+ 4. Nbd2 0-0 5. a3 Bxd2+ 6. Qxd2 d6 7. Qc2 Nbd7 8. Bg5 Qe7 9. e3 h6 10. Bh4 e5 11. dxe5 Nxe5 12. Nxe5 Qxe5 13. Bd3 a5 14. 0-0 b6 15. Bg3 Qe7 16. Rac1 Bb7 17. b4 axb4 18. axb4 Ra3 19. Ra1 Rfa8 20. Rxa3 Rxa3 21. Rd1 Ne4 22. Qb2 Ra8 23. Rc1 Nxg3 24. hxg3 Be4 25. Be2 Ra4 26. Bd1 Ra8 27. Qd4 c5 28. bxc5 bxc5 29. Qd2 Ra3 30. Bf3 Bxf3 31. gxf3 Qf6 32. Kg2 Qe5 33. Rd1 Ra6 34. Qd3 g6 35. Qb3 Kg7 36. Qd3 Qe6 37. Qc2 Qe5 38. Rd5 Qf6 39. Qd3 Qe6 40. e4 Qf6 41. f4 Qe6 42. Qc3+ Qf6 43. e5 dxe5 44. fxe5 Qe6 45. Rxc5 Ra2 46. Qf3 Rc2 47. Qe4 Rd2 48. Rc6 Qe7 49. Qf4 Rd7 50. Qf6+ Qxf6 51. exf6+ Kh7 52. Kf3 g5 53. Ke4 Kg6 54. f3 Rd2 55. Rb6 Rc2 56. Kd5 Rd2+ 57. Kc6 Kxf6 58. Kb7+ Ke5 59. c5 Rc2 60. c6 Kd6 61. g4 Rc3 62. Rb2 f6 63. Rd2+ Ke7 64. c7 Rb3+ 65. Kc8 Rxf3 66. Re2+ Kf7 67. Rb2 Rc3 68. Kb7 1-0

[Event "POL-ch Academic (Women)"]
[Site "Katowice"]
[Date "2020.11.13"]
[Round "2"]
[White "Cyboran, Katarzyna"]
[Black "Karykowska, Anna"]
[Result "0-1"]
[WhiteElo "1773"]
[BlackElo "1979"]
[PlyCount "62"]
[EventDate "2020.11.13"]
[EventType "swiss (rapid)"]
[EventRounds "9"]
[EventCountry "POL"]
[SourceTitle "CBM 199 Extra"]
[Source "ChessBase"]
[SourceDate "2021.01.31"]
[SourceVersion "1"]
[SourceVersionDate "2021.01.31"]
[SourceQuality "1"]

1. e4 c5 2. Nf3 a6 3. d4 cxd4 4. Nxd4 Nf6 5. Bd3 e5 6. Nf3 d6 7. Nc3 Be7 8. 0-0 0-0 9. Re1 Nbd7 10. a4 Nc5 11. Bc4 Bg4 12. h3 Bh5 13. g4 Bg6 14. Bd5 Nxd5 15. exd5 f5 16. Be3 fxg4 17. hxg4 Qc8 18. Ng5 Bxg5 19. Bxg5 Bxc2 20. Qe2 Bd3 21. Qd1 Bg6 22. Be7 Rf4 23. f3 Qd7 24. Bg5 Rd4 25. Qe2 Nxa4 26. Be3 Rb4 27. Nxa4 Rxa4 28. Rac1 h5 29. Kg2 hxg4 30. fxg4 Rxg4+ 31. Kf2 Rf8+ 0-1

[Event "POL-chT 2nd League"]
[Site "Poronin"]
[Date "2020.09.11"]
[Round "7.13"]
[White "Bukowska, Katarzyna"]
[Black "Karykowska, Anna"]
[Result "0-1"]
[WhiteElo "1887"]
[BlackElo "1999"]
[PlyCount "74"]
[EventDate "2020.09.05"]
[EventType "team-swiss"]
[EventRounds "9"]
[EventCountry "POL"]
[SourceTitle "CBM 198 Extra"]
[Source "ChessBase"]
[SourceDate "2020.11.30"]
[SourceVersion "1"]
[SourceVersionDate "2020.11.30"]
[SourceQuality "1"]
[WhiteTeam "Konin Hetman"]
[BlackTeam "Legnica Miedz"]
[WhiteTeamCountry "POL"]
[BlackTeamCountry "POL"]

1. e4 c5 2. Nf3 a6 3. Be2 b5 4. a4 b4 5. d4 e6 6. 0-0 Bb7 7. d5 Nf6 8. dxe6 dxe6 9. Qxd8+ Kxd8 10. e5 Nfd7 11. Nbd2 h6 12. a5 g5 13. Nc4 Kc7 14. Be3 Bd5 15. Nfd2 Nc6 16. f4 Bg7 17. fxg5 Ncxe5 18. Nxe5 Bxe5 19. gxh6 f5 20. Bf3 Nf6 21. Bxd5 Nxd5 22. Bxc5 Rxh6 23. Nf3 Bxb2 24. Rab1 Bc3 25. Bd4 Rg8 26. Bxc3 bxc3 27. Rf2 f4 28. Rb3 Kd6 29. Kf1 Rhg6 30. Ne1 e5 31. Ke2 e4 32. Rf1 Ke5 33. Rf2 Rd8 34. Rb7 Re6 35. Rh7 Nf6 36. Rh6 Rd2+ 37. Kf1 Rxf2+ 0-1

[Event "POL-chT 2nd League"]
[Site "Poronin"]
[Date "2020.09.05"]
[Round "1.6"]
[White "Tarnowska, Aleksandra"]
[Black "Karykowska, Anna"]
[Result "1-0"]
[WhiteElo "1818"]
[BlackElo "1999"]
[PlyCount "101"]
[EventDate "2020.09.05"]
[EventType "team-swiss"]
[EventRounds "9"]
[EventCountry "POL"]
[SourceTitle "CBM 198 Extra"]
[Source "ChessBase"]
[SourceDate "2020.11.30"]
[SourceVersion "1"]
[SourceVersionDate "2020.11.30"]
[SourceQuality "1"]
[WhiteTeam "Zielonka Zieloni"]
[BlackTeam "Legnica Miedz"]
[WhiteTeamCountry "POL"]
[BlackTeamCountry "POL"]

1. e4 c5 2. Nf3 e6 3. g3 Nc6 4. Bg2 g6 5. d4 cxd4 6. Nxd4 Qb6 7. Nb3 Bg7 8. 0-0 Nge7 9. Nc3 0-0 10. Be3 Qd8 11. Bc5 b6 12. Bd6 Ba6 13. Re1 Re8 14. f4 Nc8 15. e5 Nxd6 16. Qxd6 Rc8 17. Rad1 Nb8 18. Qd2 Rc7 19. Ne4 Qe7 20. c3 Rd8 21. Nd6 Nc6 22. Nd4 Na5 23. b3 Rb8 24. c4 Nc6 25. Kh1 Nxd4 26. Qxd4 f5 27. Rd2 Bf8 28. Red1 Rd8 29. a4 Qg7 30. Qe3 h6 31. Rd3 g5 32. h3 Kh7 33. Bf3 Bxd6 34. Rxd6 gxf4 35. Qxf4 Rg8 36. Kh2 Bc8 37. Re1 Rc5 38. Rd4 d5 39. cxd5 exd5 40. Red1 Rc2+ 41. R1d2 Rxd2+ 42. Rxd2 Re8 43. Rxd5 Be6 44. Rd6 Bc8 45. Rf6 Be6 46. Bh5 Re7 47. Rxe6 Rxe6 48. Qxf5+ Rg6 49. Qxg6+ Qxg6 50. Bxg6+ Kxg6 51. g4 1-0

[Event "POL-chT 2nd League"]
[Site "Jastrzebia Gora"]
[Date "2019.09.10"]
[Round "4.9"]
[White "Karykowska, Anna"]
[Black "Kupsik, Joanna"]
[Result "1-0"]
[WhiteElo "1895"]
[BlackElo "1731"]
[PlyCount "63"]
[EventDate "2019.09.07"]
[EventType "team-swiss"]
[EventRounds "9"]
[EventCountry "POL"]
[SourceTitle "EXT 2020"]
[Source "ChessBase"]
[SourceDate "2019.10.17"]
[SourceVersion "1"]
[SourceVersionDate "2019.10.17"]
[SourceQuality "1"]
[WhiteTeam "Legnica Miedz"]
[BlackTeam "Lipno Steszew"]
[WhiteTeamCountry "POL"]
[BlackTeamCountry "POL"]

1. e4 c5 2. Nf3 a6 3. Nc3 Nc6 4. d4 cxd4 5. Nxd4 e5 6. Nf5 d6 7. Ne3 Nf6 8. a4 Be6 9. Ned5 Bxd5 10. exd5 Ne7 11. a5 Rc8 12. Be3 Nd7 13. Bd3 Ng6 14. 0-0 Be7 15. Bf5 0-0 16. Na4 Rb8 17. Nb6 Nxb6 18. Bxb6 Qe8 19. Bc7 Ra8 20. Qg4 Qb5 21. c4 Qb4 22. Bxg6 hxg6 23. Qd7 Rfe8 24. Rac1 Rac8 25. c5 dxc5 26. d6 Bf6 27. Bb6 c4 28. Rfd1 Rb8 29. Qg4 Bd8 30. Rxc4 Qb5 31. d7 Re6 32. Rc8 1-0

[Event "POL-chT blitz (Women)"]
[Site "Szczawno Zdroj"]
[Date "2018.12.15"]
[Round "3.3"]
[White "Krzyzosiak, Anna"]
[Black "Karykowska, Anna"]
[Result "1-0"]
[WhiteElo "1523"]
[BlackElo "1651"]
[PlyCount "117"]
[EventDate "2018.12.15"]
[EventType "team-swiss"]
[EventRounds "11"]
[EventCountry "POL"]
[SourceTitle "CBM 187 Extra"]
[Source "ChessBase"]
[SourceDate "2018.11.04"]
[SourceVersion "1"]
[SourceVersionDate "2018.11.04"]
[SourceQuality "1"]

1. e4 c5 2. c3 d6 3. d4 cxd4 4. cxd4 Nc6 5. Nc3 Nf6 6. Bc4 g6 7. Nf3 Bg7 8. 0-0 0-0 9. h3 a6 10. Be3 b5 11. Bd5 Nxd5 12. Nxd5 Bb7 13. Rc1 e6 14. Nc3 Ne7 15. a3 Rc8 16. Bg5 Qd7 17. Qd2 Rfe8 18. Rfd1 Nc6 19. Qf4 Na5 20. Qh4 Nc4 21. Bh6 Qe7 22. Bg5 Qd7 23. b3 Nb6 24. e5 d5 25. Bf6 h6 26. Nh2 Rf8 27. Ng4 h5 28. Bxg7 Kxg7 29. Qf6+ Kg8 30. Nh2 Qd8 31. Qf4 Qe7 32. Ra1 Rfe8 33. Ne2 Qf8 34. Ng3 Qg7 35. Nf3 Rf8 36. Ng5 Rc3 37. Rab1 Rcc8 38. Nf3 Rc7 39. Nh2 Rcc8 40. Rd3 Rc7 41. Rf3 Rd7 42. Ne2 Rc7 43. Rd1 Rd7 44. Rg3 Kh8 45. Rg5 Rc7 46. Ng3 Rd7 47. Nxh5 gxh5 48. Rxg7 Kxg7 49. Qg5+ Kh8 50. Qxh5+ Kg7 51. Qg5+ Kh8 52. Rd3 f5 53. exf6 Rh7 54. Rg3 Nd7 55. Nf3 Nb6 56. Ne5 Bc8 57. f7 Nd7 58. Nxd7 Bxd7 59. Qf6+ 1-0

[Event "POL-chT 2nd League"]
[Site "Jastrzebia Gora"]
[Date "2018.09.09"]
[Round "9.7"]
[White "Karykowska, Anna"]
[Black "Chmiel, Dominika"]
[Result "1-0"]
[WhiteElo "1836"]
[BlackElo "2098"]
[PlyCount "97"]
[EventDate "2018.09.01"]
[EventType "team-swiss"]
[EventRounds "9"]
[EventCountry "POL"]
[SourceTitle "CBM 186 Extra"]
[Source "ChessBase"]
[SourceDate "2018.08.24"]
[SourceVersion "1"]
[SourceVersionDate "2018.08.24"]
[SourceQuality "1"]
[WhiteTeam "Legnica Miedz"]
[BlackTeam "Chroscice Victoria"]
[WhiteTeamCountry "POL"]
[BlackTeamCountry "POL"]

1. e4 e5 2. Nf3 Nc6 3. Bc4 Nf6 4. d4 exd4 5. Ng5 d5 6. exd5 Na5 7. Bb5+ c6 8. dxc6 bxc6 9. Qe2+ Be7 10. Ba4 0-0 11. 0-0 h6 12. Nf3 Bg4 13. h3 Bh5 14. Bd2 Rb8 15. b3 Bc5 16. a3 Bb6 17. b4 Nb7 18. Bxc6 Qd6 19. b5 Nd8 20. Qe5 Qxe5 21. Nxe5 Bc7 22. Nd7 Nxd7 23. Bxd7 Be2 24. Bb4 Bxf1 25. Kxf1 Be5 26. Bxf8 Kxf8 27. Nd2 Rb7 28. Re1 f6 29. Bf5 Rxb5 30. Bg6 Nf7 31. g3 Rb7 32. f4 Bc7 33. Nb3 Bb6 34. a4 a5 35. Re4 Re7 36. Ke2 Nd8 37. Kd3 Nc6 38. Rxe7 Kxe7 39. Be4 Nd8 40. Nxd4 Bxd4 41. Kxd4 Kd6 42. Kc4 Ne6 43. Kb5 Nd4+ 44. Kxa5 Kc5 45. Ka6 f5 46. Bd3 Kb4 47. Kb6 Kxa4 48. Kc5 Ne6+ 49. Kd6 1-0

[Event "POL-chT 2nd League"]
[Site "Jastrzebia Gora"]
[Date "2018.09.07"]
[Round "7.11"]
[White "Karykowska, Anna"]
[Black "Siwek, Kinga"]
[Result "1-0"]
[WhiteElo "1836"]
[BlackElo "1855"]
[PlyCount "109"]
[EventDate "2018.09.01"]
[EventType "team-swiss"]
[EventRounds "9"]
[EventCountry "POL"]
[SourceTitle "CBM 186 Extra"]
[Source "ChessBase"]
[SourceDate "2018.08.24"]
[SourceVersion "1"]
[SourceVersionDate "2018.08.24"]
[SourceQuality "1"]
[WhiteTeam "Legnica Miedz"]
[BlackTeam "Staniatki Goniec"]
[WhiteTeamCountry "POL"]
[BlackTeamCountry "POL"]

1. e4 c5 2. Nf3 d6 3. d4 cxd4 4. Nxd4 Nf6 5. Nc3 a6 6. Bc4 e6 7. Bb3 Be7 8. g4 b5 9. g5 Nfd7 10. Bxe6 Nb6 11. Bxc8 Qxc8 12. Nf5 Bf8 13. Qd4 N8d7 14. Bf4 Nc4 15. Nxg7+ Bxg7 16. Qxg7 Rf8 17. 0-0-0 Qc5 18. Qd4 Qxd4 19. Rxd4 Nce5 20. Rxd6 Ke7 21. Rhd1 Rfc8 22. R6d5 f6 23. gxf6+ Kxf6 24. Rxd7 Nxd7 25. Rxd7 Re8 26. Nd5+ Kg6 27. Rd6+ Kf7 28. Nc7 Rxe4 29. Nxa8 Rxf4 30. Rxa6 Rxf2 31. Rh6 Kg7 32. Rh3 Rf1+ 33. Kd2 Rf2+ 34. Kd3 Rf8 35. Nc7 Rd8+ 36. Ke2 Rb8 37. Rb3 Rc8 38. Rc3 Rb8 39. b4 Rb7 40. a3 Kf6 41. Rc5 Ra7 42. Nxb5 Re7+ 43. Kf2 Re4 44. c3 Rh4 45. Kg3 Re4 46. a4 Re3+ 47. Kf2 Rh3 48. Kg2 Rd3 49. a5 Rd2+ 50. Kg3 Rd3+ 51. Kh4 Rd2 52. h3 Ra2 53. Nd4 Ra3 54. a6 Kf7 55. Rc7+ 1-0

[Event "POL-chT U20 1st League"]
[Site "Kudowa Zdroj"]
[Date "2018.07.29"]
[Round "9.2"]
[White "Karykowska, Anna"]
[Black "Golenia, Wojciech"]
[Result "1-0"]
[WhiteElo "1869"]
[BlackElo "1984"]
[PlyCount "75"]
[EventDate "2018.07.21"]
[EventType "team-tourn"]
[EventRounds "9"]
[EventCountry "POL"]
[SourceTitle "CBM 186 Extra"]
[Source "ChessBase"]
[SourceDate "2018.08.24"]
[SourceVersion "1"]
[SourceVersionDate "2018.08.24"]
[SourceQuality "1"]

1. e4 d6 2. d4 Nf6 3. Nc3 g6 4. f4 Bg7 5. a3 0-0 6. Nf3 c5 7. dxc5 dxc5 8. Qxd8 Rxd8 9. e5 Nd5 10. Nxd5 Rxd5 11. Bd3 Bf5 12. Bxf5 gxf5 13. Be3 b6 14. Ke2 Nc6 15. Rhd1 e6 16. c4 Rdd8 17. Rxd8+ Rxd8 18. Rd1 Rxd1 19. Kxd1 f6 20. exf6 Bxf6 21. Kc2 Kf7 22. Bd2 Ke7 23. Bc3 h5 24. b4 cxb4 25. axb4 Bxc3 26. Kxc3 a5 27. bxa5 bxa5 28. c5 a4 29. Kb2 Na5 30. Ka3 Nb3 31. Kb4 Kd7 32. Kxa4 Nxc5+ 33. Kb5 Nd3 34. Ne5+ Nxe5 35. fxe5 Kc7 36. h4 Kc8 37. Kc6 Kd8 38. Kd6 1-0

[Event "POL-chT U20 1st League"]
[Site "Kudowa Zdroj"]
[Date "2018.07.28"]
[Round "8.2"]
[White "Butyrowski, Marcel"]
[Black "Karykowska, Anna"]
[Result "0-1"]
[WhiteElo "1725"]
[BlackElo "1869"]
[PlyCount "152"]
[EventDate "2018.07.21"]
[EventType "team-tourn"]
[EventRounds "9"]
[EventCountry "POL"]
[SourceTitle "CBM 186 Extra"]
[Source "ChessBase"]
[SourceDate "2018.08.24"]
[SourceVersion "1"]
[SourceVersionDate "2018.08.24"]
[SourceQuality "1"]

1. d4 Nf6 2. c4 e6 3. Nc3 Bb4 4. Qc2 d5 5. cxd5 exd5 6. Bg5 c5 7. Nf3 h6 8. Bxf6 Qxf6 9. a3 Bxc3+ 10. Qxc3 Nd7 11. Rc1 b6 12. e3 0-0 13. Bb5 c4 14. b3 a6 15. Bxd7 Bxd7 16. bxc4 dxc4 17. Ne5 Be6 18. 0-0 b5 19. e4 Rfe8 20. f4 Bc8 21. Kh1 Qd6 22. Rce1 f6 23. Ng6 f5 24. Ne5 fxe4 25. Rxe4 Bf5 26. Re3 Rad8 27. Rg3 Qxd4 28. Qf3 Qd5 29. Qh5 Qe6 30. h3 Rd6 31. Rff3 Re7 32. Re3 Qf6 33. Qf3 Rd8 34. Kh2 Kh7 35. Qe2 Bd3 36. Qf3 Rd4 37. Ng4 Qf8 38. Rxe7 Qxe7 39. Ne5 Qf6 40. Qb7 Be4 41. Qa7 Rd8 42. Qc7 Re8 43. a4 Re7 44. Qc5 Rb7 45. axb5 axb5 46. Qd4 Bf5 47. Qd5 Rb8 48. Nc6 Rf8 49. Nd4 Bd3 50. Nxb5 Qxf4 51. Nd4 Be4 52. Qxc4 Bxg2 53. Qc2+ Be4 54. Qe2 Rf6 55. Qe3 Qe5 56. Ne2 Rf1 57. Qg1 Rxg1 58. Kxg1 Qb2 59. Kf2 Bb7 60. Re3 Ba6 61. Re6 h5 62. Rxa6 Qb3 63. Rc6 Qxh3 64. Rc3 Qf5+ 65. Rf3 Qc5+ 66. Kg3 g5 67. Kg2 Kg6 68. Ng3 h4 69. Ne2 Qc2 70. Rf2 Qe4+ 71. Kh2 g4 72. Rg2 Kg5 73. Ng1 g3+ 74. Kh1 Kg4 75. Ne2 h3 76. Nxg3 Qxg2# 0-1

[Event "POL-chT U20 1st League"]
[Site "Kudowa Zdroj"]
[Date "2018.07.27"]
[Round "7.2"]
[White "Karykowska, Anna"]
[Black "Galuszka, Tomasz"]
[Result "0-1"]
[WhiteElo "1869"]
[BlackElo "1989"]
[PlyCount "80"]
[EventDate "2018.07.21"]
[EventType "team-tourn"]
[EventRounds "9"]
[EventCountry "POL"]
[SourceTitle "CBM 186 Extra"]
[Source "ChessBase"]
[SourceDate "2018.08.24"]
[SourceVersion "1"]
[SourceVersionDate "2018.08.24"]
[SourceQuality "1"]

1. e4 c6 2. d4 d5 3. e5 Bf5 4. h4 h5 5. Bd3 Bxd3 6. Qxd3 e6 7. Bg5 Qb6 8. Nd2 Ne7 9. Ne2 c5 10. c4 Nbc6 11. 0-0 cxd4 12. Bxe7 Bxe7 13. cxd5 Nxe5 14. Qe4 Ng6 15. dxe6 Qxe6 16. Qxb7 0-0 17. Nxd4 Qf6 18. N2f3 Bc5 19. Nb3 Bb6 20. Qd5 Nxh4 21. Qxh5 Nxf3+ 22. Qxf3 Qxb2 23. Rfb1 Qa3 24. Re1 Rae8 25. Re2 Re6 26. Rae1 Rf6 27. Qd5 Qb4 28. Nd2 Rd6 29. Qb3 Qg4 30. Qc4 Qh5 31. Nf3 Rh6 32. Kf1 Rf6 33. Qh4 Qxh4 34. Nxh4 g5 35. Nf3 g4 36. Ne5 Rh6 37. Re4 f5 38. Rc4 Rh1+ 39. Ke2 Rxe1+ 40. Kxe1 Re8 0-1

[Event "Baltic Cup-B 2nd"]
[Site "Darlowko"]
[Date "2018.06.24"]
[Round "1"]
[White "Karykowska, Anna"]
[Black "Derylo, Kamil"]
[Result "1-0"]
[WhiteElo "1842"]
[BlackElo "1649"]
[PlyCount "100"]
[EventDate "2018.06.24"]
[EventType "swiss"]
[EventRounds "9"]
[EventCountry "POL"]
[SourceTitle "CBM 187 Extra"]
[Source "ChessBase"]
[SourceDate "2018.11.04"]
[SourceVersion "1"]
[SourceVersionDate "2018.11.04"]
[SourceQuality "1"]

1. e4 e6 2. d4 d5 3. Bd3 dxe4 4. Bxe4 Nf6 5. Bf3 c5 6. Ne2 cxd4 7. Qxd4 Nbd7 8. Nbc3 Bc5 9. Qd1 0-0 10. 0-0 Ne5 11. Ng3 Qxd1 12. Bxd1 Bd7 13. Be2 Bc6 14. Bg5 h6 15. Bxf6 gxf6 16. Nce4 Be7 17. Rad1 Rad8 18. Nd2 Rd7 19. Nb3 Rfd8 20. Rxd7 Rxd7 21. f4 Ng6 22. f5 Ne5 23. Nh5 exf5 24. Rxf5 Rd6 25. Rf4 Ng6 26. Rd4 Re6 27. Bc4 Re5 28. Nf4 Nxf4 29. Rxf4 Kg7 30. Kf1 Bd6 31. Rf2 Rg5 32. g3 Be5 33. c3 Rg4 34. Nd2 Bd6 35. Be2 Rg5 36. b4 Bc7 37. Nf3 Bxf3 38. Bxf3 b6 39. Rd2 Be5 40. Rd3 Kf8 41. c4 Ke7 42. c5 bxc5 43. bxc5 Bb8 44. c6 Rc5 45. Rd7+ Ke6 46. Rb7 Bd6 47. Rxa7 Rc3 48. Kg2 Ra3 49. Bg4+ f5 50. Bxf5+ Kd5 1-0

[Event "POL-chT3 Dolnoslaskie 1718"]
[Site "Poland"]
[Date "2018.04.08"]
[Round "11.18"]
[White "Wrobel, Maciej"]
[Black "Karykowska, Anna"]
[Result "0-1"]
[WhiteElo "1974"]
[BlackElo "1927"]
[PlyCount "84"]
[EventDate "2017.10.08"]
[EventType "team-tourn"]
[EventRounds "11"]
[EventCountry "POL"]
[SourceTitle "EXT 2019"]
[Source "ChessBase"]
[SourceDate "2018.10.10"]
[SourceVersion "1"]
[SourceVersionDate "2018.10.10"]
[SourceQuality "1"]

1. e4 c5 2. Nf3 a6 3. Nc3 e6 4. d4 cxd4 5. Nxd4 Nc6 6. Nxc6 bxc6 7. Bd3 d5 8. 0-0 Nf6 9. Kh1 Be7 10. f4 c5 11. e5 Nd7 12. Qf3 Bb7 13. Qg3 g6 14. f5 exf5 15. Bxf5 gxf5 16. Qg7 Rf8 17. Qxh7 Qb6 18. Bh6 Qg6 19. Qxg6 fxg6 20. Bxf8 Nxf8 21. Ne2 Ne6 22. c3 Bf8 23. Nf4 Nxf4 24. Rxf4 0-0-0 25. b4 cxb4 26. cxb4 Re8 27. Re1 Bg7 28. e6 Kc7 29. g4 Bh6 30. Rf2 d4+ 31. Kg1 Be3 32. gxf5 gxf5 33. Rxe3 dxe3 34. Rxf5 Rxe6 35. Kf1 Bc6 36. Rc5 Kb6 37. Ke1 Bb5 38. Rf5 Rc6 39. Rc5 Rxc5 40. bxc5+ Kxc5 41. h4 Be8 42. Ke2 Kd4 0-1